American art today (Record no. 4311)

MARC details
000 - LÍDER
campo de control de longitud fija 00978nam a2200205Ia 4500
008 - ELEMENTOS DE DATOS DE LONGITUD FIJA - INFORMACIÓN GENERAL
campo de control de longitud fija 0000001995 usa 0000000000eng00
090 ## - NÚMERO DE LLAMADA DE TIPO LC LOCALMENTE ASIGNADO (OCLC)
Número de clasificación (OCLC) (R) PUS00 A77a
110 1# - ENTRADA PRINCIPAL - NOMBRE CORPORATIVO
Nombre corporativo o nombre de jurisdicción como elemento de entrada The Art Museum at Florida International University. Miami
245 10 - TÍTULO DECLARACIÓN
Título American art today
Resto del título : night paintings
Declaración de responsabilidad / The Art Museum at Florida International University
-- / essay by Barbara Dayer Gallati ; curated by Dahlia Morgan
260 ## - PUBLICACIÓN, DISTRIBUCIÓN
Lugar de publicación Miami : The Art Museum
Fecha de publicación 1995
300 ## - DESCRIPCIÓN FÍSICA
Alcance 36 p.
Dimensiones / 31 cm.
500 ## - NOTA GENERAL
Nota general Exposición realizada en el Art Museum at Florida International University, Miami, en EneroFebrero, 1995 \ Con el patronazgo del maestro venezolano Jesús Rafael Soto (q.e.p.d.) \ Registro auspiciado por el IDCT. Bogotá
505 ## - NOTA DE CONTENIDO FORMATEADA
Nota sobre el contenido formateado Pendiente
650 14 - ENTRADA DE SUJETO AÑADIDO - TÉRMINO TÓPICO
Término tópico o elemento de entrada del nombre geográfico PINTURA ESTADOUNIDENSE
650 14 - ENTRADA DE SUJETO AÑADIDO - TÉRMINO TÓPICO
Término tópico o elemento de entrada del nombre geográfico ARTISTAS PLASTICOS ESTADOUNIDENSES
650 14 - ENTRADA DE SUJETO AÑADIDO - TÉRMINO TÓPICO
Subdivisión general CATALOGOS
650 14 - ENTRADA DE SUJETO AÑADIDO - TÉRMINO TÓPICO
Subdivisión general EXPOSICIONES
650 14 - ENTRADA DE SUJETO AÑADIDO - TÉRMINO TÓPICO
Término tópico o elemento de entrada del nombre geográfico NOCHE EN LA PINTURA
700 1# - ENTRADA AGREGADA - NOMBRE PERSONAL
Nombre de la persona Morgan, Dahlia \ Gallati, Barbara Dayer
Holdings
Estado de retirada Pérdida de estatus Estado dañado No para préstamo Código de recogida Ubicación permanente Ubicación actual Ubicación de las estanterías Fecha de adquisición Número de llamada completo Código de barras Fecha de la última vez que se vio Número de copia Precio efectivo desde Tipo de artículo Koha
        General ArtNexus ArtNexus General 06/09/2022 P-US-00 A77A 4315 06/09/2022 Ej.1 06/09/2022 Libro

Powered by Koha